| 000 | 00520nam a2200205Ia 4500 | ||
|---|---|---|---|
| 005 | 20250425162028.0 | ||
| 008 | 250425s9999 xx 000 0 und d | ||
| 020 | _a8425216141 | ||
| 041 | _aspa | ||
| 082 | _a741.2 | ||
| 100 | _aCLIFF, STAFFORD | ||
| 245 | 0 | _aDISEÑO DE ESCAPARATES Y PUNTOS DE VENTAS | |
| 250 | _a1A ED. | ||
| 260 | _aBARCELONA | ||
| 260 |
_aEspaña _bGUSTAVO GILI _c1993 |
||
| 300 | _a224 | ||
| 500 | _aTítulo Traducido: THE BEST IN POINT OF SALE DESIGN | ||
| 942 | _c01 | ||
| 010 | _a41303 | ||
| 999 |
_c220933 _d220933 |
||